Utopía / (Registro nro. 8278)

Detalles MARC
000 -LIDER
fixed length control field 00724nam a2200241 a 4500
001 - NÚMERO DE CONTROL
Identificador de número de control 000037638
003 - IDENTIFICACDOR DE NÚMERO DE CONTROL
control field DO-SdBNP
005 - DATE AND TIME OF LATEST TRANSACTION
control field 20230928124628.0
007 - CAMPOS FIJOS DE DESCRIPCIÓN FÍSICA
fixed length control field 000037638
008 - ELEMENTOS DE LONGITUD FIJA
fixed length control field 121010s 20uu pe 000 0 spa d
040 ## - FUENTE DE CATALOGACIÓN
Agencia que crea de manera original el registro BPMSU
Agencia que realiza la modificación spa
Agencia que realiza la transcripción BPMSU
082 #4 - NÚMERO DE CLASIFICACIÓN DECIMAL DE DEWEY
Classification number 321.07
Item number M867u
Edition number 22
100 1# - ASIENTO PRINCIPAL -- NOMBRE PERSONAL
Nombre personal More, Tomás Sir,
Fechas asociadas con el nombre 1478-1535.
Títulos u otras palabras asociadas con el nombre Santo
245 10 - MENCIÓN DE TITULO
Título Utopía /
Mención de responsabilidad Tomás Moro.
260 ## - PUBLICACIÓN, DISTRIBUCIÓN, ETC. (PIE DE IMPRENTA)
Lugar de publicación, distribución, etc Lima, Perú :
Nombre del editor, distribuidor, etc. Editorial MV Fenix,
Fecha de publicación, distribución, etc [200?]
300 ## - DESCRIPCIÓN FÍSICA
Extensión 79 p. :
Dimensiones 23 cm.
Otros detalles físicos
490 0# - MENCIÓN DE SERIES
Mención de serie Grandes obras literarias;
-- MV Fénix
590 ## - NOTA LOCAL
Texto de la nota local Inventariado, 2023/VM
650 #4 - ENCABEZAMIENTO DE MATERIA--TEMÁTICO
Término temático o nombre geográfico como elemento de entrada Utopías
650 #4 - ENCABEZAMIENTO DE MATERIA--TEMÁTICO
Término temático o nombre geográfico como elemento de entrada Iglesia y Estado
Subdivisión geográfica Gran Bretaña
Subdivisión temática general Historia
Subdivisión cronológica Siglo XVII.
910 ## - VALIDACIÓN
Validación VMateo V. Control de calidad. BPMSU
942 ## - ADDED ENTRY ELEMENTS (KOHA)
Source of classification or shelving scheme Dewey Decimal Classification
Koha item type Libros
Existencias
Withdrawn status Lost status Source of classification or shelving scheme Damaged status Not for loan Collection code Home library Current library Date acquired Source of acquisition Total Checkouts Full call number Barcode Date last seen Price effective from Koha item type Copy number
    Dewey Decimal Classification     Colección General Biblioteca Pública Metropolitana Salomé Ureña Biblioteca Pública Metropolitana Salomé Ureña 09/21/2015 Compra   BPMSU CG 321.07 M867u BPMSU15090138 09/21/2015 09/21/2015 Libros  
    Dewey Decimal Classification     Colección General Biblioteca Pública Metropolitana Salomé Ureña Biblioteca Pública Metropolitana Salomé Ureña 09/21/2015 Compra   BPMSU CG 321.07 M867u BPMSU15090139 09/21/2015 09/21/2015 Libros e.2
    Dewey Decimal Classification     Colección General Biblioteca Pública Metropolitana Salomé Ureña Biblioteca Pública Metropolitana Salomé Ureña 09/21/2015 Compra   BPMSU CG 321.07 M867u BPMSU15090140 09/21/2015 09/21/2015 Libros e.3